Normal view
MARC view
- النظام الإداري في الإسلام -- الاسلام والادارة
Entry Topical Term
001 - CONTROL NUMBER
- control field: 48889
003 - CONTROL NUMBER IDENTIFIER
- control field: JO-AjAnu
005 - DATE AND TIME OF LATEST TRANSACTION
- control field: 20230606082048.0
008 - FIXED-LENGTH DATA ELEMENTS
- fixed length control field: 230606|| aca||aabn | a|a d
040 ## - CATALOGING SOURCE
- Original cataloging agency: JO-AjAnu
- Transcribing agency: JO-AjAnu
150 ## - HEADING--TOPICAL TERM
- Topical term or geographic name entry element: النظام الإداري في الإسلام -- الاسلام والادارة
670 ## - SOURCE DATA FOUND
- Source citation: Work cat.: (JO-AjAnu)25007: عبد الهادي، حمدي أمين , author 48888, الفكر الإداري الإسلامي والمقارن : الأصول العامة